| 000 -LEADER |
| fixed length control field |
01008cam a2200265 i 4500 |
| 001 - CONTROL NUMBER |
| control field |
20135851 |
| 005 - DATE AND TIME OF LATEST TRANSACTION |
| control field |
20221108160342.0 |
| 008 - FIXED-LENGTH DATA ELEMENTS--GENERAL INFORMATION |
| fixed length control field |
171102s2018 mdu b 001 0 eng |
| 020 ## - INTERNATIONAL STANDARD BOOK NUMBER |
| International Standard Book Number |
9781538110379 X |
| 041 ## - LANGUAGE CODE |
| Language code of text/sound track or separate title |
eng |
| 080 ## - UNIVERSAL DECIMAL CLASSIFICATION NUMBER |
| Universal Decimal Classification number |
616.89-008.434 B-77 |
| 100 1# - MAIN ENTRY--PERSONAL NAME |
| Personal name |
Boone, Daniel R., |
| 9 (RLIN) |
12064 |
| 245 10 - TITLE STATEMENT |
| Title |
Trouble talking : |
| Remainder of title |
the realities of communication, language, and speech disorders / |
| Statement of responsibility, etc. |
Daniel R. Boone. |
| 264 #1 - PRODUCTION, PUBLICATION, DISTRIBUTION, MANUFACTURE, AND COPYRIGHT NOTICE |
| Place of production, publication, distribution, manufacture |
Lanham : |
| Name of producer, publisher, distributor, manufacturer |
Rowman & Littlefield, |
| Date of production, publication, distribution, manufacture, or copyright notice |
[2018] |
| 300 ## - PHYSICAL DESCRIPTION |
| Extent |
129 pages ; |
| Dimensions |
24 cm. |
| 653 ## - INDEX TERM--UNCONTROLLED |
| keyword |
მეტყველების პრობლემა |
| 653 ## - INDEX TERM--UNCONTROLLED |
| keyword |
მეტყველების დარღვევები |
| 653 ## - INDEX TERM--UNCONTROLLED |
| keyword |
ლოგოპედია |
| 653 ## - INDEX TERM--UNCONTROLLED |
| keyword |
Проблемы с разговорной речью |
| 653 ## - INDEX TERM--UNCONTROLLED |
| keyword |
Логопедия |
| 653 ## - INDEX TERM--UNCONTROLLED |
| keyword |
ენის თერაპია |
| 653 ## - INDEX TERM--UNCONTROLLED |
| keyword |
Языковая терапия |
| 942 ## - ADDED ENTRY ELEMENTS (KOHA) |
| Source of classification or shelving scheme |
|
| Koha item type |
წიგნი |